Marvel: Weapon Plus Projects Quiz Stats

 Plays Quiz Updated Feb 7, 2020

     
Support Sporcle.
Go Orange.
Score 0/10 Timer 03:00
1 Play Today
Weapon Marvel Character % Correct
XWolverine
94.8%
ICaptain America
33.5%
XIIIFantomex
10.3%
VIINuke
6.4%
XVUltimaton
5.2%
XIVStepford Cuckoos
4.9%
IIsaiah Bradley
4.1%
VIIIGuardian
3.8%
XIIHuntsman
3%
XVIAllgod
2.7%

From the Vault

Countries Shorter Than the Burj Khalifa

by StupidBunny

When it comes to height, these countries fall a little flat.
Remove Ads.
Support Sporcle.
Get the best of Sporcle when you Go Orange. This ad-free experience offers more features, more stats, and more fun while also helping to support Sporcle. Thank you for becoming a member.

Show Comments

Extras

Top Quizzes Today


Score Distribution

Your Account Isn't Verified!

In order to create a playlist on Sporcle, you need to verify the email address you used during registration. Go to your Sporcle Settings to finish the process.

Report this User

Report this user for behavior that violates our Community Guidelines.

Details: